[Event "TIPC 2011"]
[Site "Roux, BEL"]
[Date "2011.08.05"]
[Round "8.6"]
[White "Ackaert, Thierry"]
[Black "Noiroux, Kevin"]
[Result "0-1"]
[BlackElo "2199"]
[WhiteElo "2061"]

1.g4 e5 2.Bg2 h5 3.gxh5 Nf6 4.c4 Nxh5 5.d3 Qf6 6.Nc3 Bb4 7.Qb3 Bxc3 8.bxc3 Nc6
9.Be4 Nf4 10.Be3 b6 11.Nf3 Bb7 12.c5 Na5 13.Qa4 Nd5 14.Bd2 Bc6 15.Qc2 Nf4 16.
Bxc6 Nxc6 17.cxb6 axb6 18.Rb1 Rh3 19.Bxf4 Qxf4 20.Rg1 g6 21.Rg3 Rh5 22.e3 Qa4
23.Rb2 d5 24.Qe2 e4 25.dxe4 dxe4 26.Nd4 Rxh2 27.Kf1 Ne5 28.Kg1 Rh4 29.Kg2 c5
30.Nb5 Nf3 31.Nd6 Kf8 32.Nxe4 Ne1 33.Qxe1 Qxe4 34.f3 Qc4 35.Qd2 Kg8 36.Qf2 b5
37.f4 Rh5 38.Qf3 Rxa2 39.Rf2 Rxf2 40.Qxf2 Qe4 41.Qf3 Qc2 42.Kg1 Qc1 43.Kg2 0-1

[Event "TIPC 2011"]
[Site "Roux, BEL"]
[Date "2011.08.05"]
[Round "8.7"]
[White "Truwant, Pieter"]
[Black "Henris, Luc"]
[Result "0-1"]
[BlackElo "2189"]
[WhiteElo "2021"]

1.e4 d6 2.f4 e5 3.Nf3 exf4 4.d4 g5 5.Bc4 Bg7 6.O-O h6 7.Nc3 Nc6 8.a4 Nge7 9.Nd5
Nxd5 10.exd5 Ne7 11.c3 O-O 12.g3 fxg3 13.hxg3 Bf5 14.Re1 Qd7 15.b4 Rae8 16.Bd2
Bg4 17.Bb5 c6 18.dxc6 bxc6 19.Be2 Ng6 20.Nh2 Bxe2 21.Rxe2 Qh3 22.Rxe8 Qxg3 23.
Kh1 Rxe8 0-1

[Event "TIPC 2011"]
[Site "Roux, BEL"]
[Date "2011.08.05"]
[Round "8.8"]
[White "Ponnet, Hendrik"]
[Black "Callier, Christophe"]
[Result "1-0"]
[BlackElo "2051"]
[WhiteElo "2159"]

1.e4 e5 2.Nf3 Nc6 3.Nc3 Nf6 4.d4 exd4 5.Nd5 Nb4 6.Bc4 Nbxd5 7.exd5 Bb4 8.Kf1
O-O 9.Qxd4 d6 10.Bg5 Bf5 11.c3 Bc5 12.Qf4 Bg6 13.Re1 Re8 14.Rxe8 Qxe8 15.Bxf6
gxf6 16.g4 Qe4 17.Qxe4 Bxe4 18.Kg2 b5 19.Bb3 a5 20.Re1 Re8 21.Kg3 Kf8 22.Nd2
Bd3 23.Rxe8 Kxe8 24.Bd1 b4 25.Bf3 bxc3 26.bxc3 f5 27.gxf5 Bxf5 28.Be4 Bg6 29.
Bxg6 hxg6 30.Nc4 a4 31.Nb2 a3 32.Nd3 Bb6 33.Kg4 Ke7 34.Kg5 Ba5 35.c4 Bc3 36.h4
Bf6 37.Kg4 Bc3 38.h5 gxh5 39.Kxh5 Kd7 40.Kg5 c6 41.f4 cxd5 42.cxd5 Ke7 43.Kf5
Kd7 44.Nc1 Ke7 45.Ne2 Bb2 46.Ng3 Ba1 47.Ne4 Bb2 48.Kg4 Kd7 49.Kf3 Ke7 50.f5 Be5
51.Ke3 Kd7 52.Kd3 Ke7 53.Kc4 Bb2 54.Kb5 Kd7 55.Nd2 Kc7 56.Nc4 f6 57.Kb4 Bd4 58.
Nxa3 Bc5 59.Kb3 Kb6 60.Nc4 Kb5 61.a4 Ka6 62.Kc3 Kb7 63.Nd2 Bg1 64.Ne4 Bh2 65.
Kc4 Be5 66.Kb5 Kc7 67.a5 Kb7 68.a6 Kc7 69.a7 Kb7 70.a8=Q Kxa8 71.Kc6 Kb8 72.
Nxd6 Bd4 73.Nb7 1-0

[Event "TIPC 2011"]
[Site "Roux, BEL"]
[Date "2011.08.05"]
[Round "8.9"]
[White "Van Uytven, Eric"]
[Black "Werner, Ivan"]
[Result "1-0"]
[BlackElo "2068"]
[WhiteElo "2158"]

1.Nf3 Nf6 2.g3 g6 3.Bg2 Bg7 4.O-O O-O 5.d3 d5 6.Nbd2 c5 7.e4 e6 8.Re1 Nc6 9.c3
Bd7 10.e5 Ng4 11.d4 cxd4 12.cxd4 Qb6 13.h3 Nxf2 14.Kxf2 Nxd4 15.Nxd4 Qxd4 16.
Re3 Bh6 17.Nf3 Bxe3 18.Bxe3 Qxb2 19.Kg1 Ba4 20.Qe1 b6 21.g4 Rfc8 22.Rb1 Qc3 23.
Bd2 Qd3 24.Rb4 Rc4 25.Rxc4 dxc4 26.Qh4 Rd8 27.Bf1 Qd5 28.Bxc4 Qc5 29.Kh2 Bc6
30.Qxd8 Qf8 31.Qxf8 Kxf8 1-0

[Event "TIPC 2011"]
[Site "Roux, BEL"]
[Date "2011.08.05"]
[Round "8.10"]
[White "Atanasiu, Nicolae"]
[Black "Barbier, Wim"]
[Result "0-1"]
[BlackElo "2147"]
[WhiteElo "2007"]

1.d4 d6 2.Nc3 Nf6 3.Bg5 Nbd7 4.f4 d5 5.Qd3 g6 6.e4 dxe4 7.Nxe4 Bg7 8.O-O-O O-O
9.Nf3 Nxe4 10.Qxe4 Nf6 11.Qe1 c5 12.Qh4 Qa5 13.a3 b5 14.Ne5 b4 15.Qe1 Qa4 16.
dxc5 bxa3 17.b3 a2 18.Kb2 a1=Q 19.Rxa1 Qd4 20.Qc3 Qxc3 21.Kxc3 Ne4 22.Kd4 Nxg5
23.fxg5 Rd8 24.Ke3 Bxe5 25.Ra4 Bf5 26.Bd3 Bxd3 27.cxd3 a5 28.Re4 Bc3 29.Rxe7
Bd4 30.Ke4 Bxc5 31.Rc7 Rd4 0-1

[Event "TIPC 2011"]
[Site "Roux, BEL"]
[Date "2011.08.05"]
[Round "8.11"]
[White "De Strycker, Nathan"]
[Black "Uhoda, Philippe"]
[Result "1/2-1/2"]
[BlackElo "2100"]
[WhiteElo "1800"]

1.d4 d6 2.c4 e5 3.d5 g6 4.g3 Bg7 5.Bg2 f5 6.Nf3 Nf6 7.O-O O-O 8.Nc3 h6 9.e4 f4
10.gxf4 exf4 11.e5 dxe5 12.Nxe5 g5 13.Ng6 Re8 14.Nxf4 gxf4 15.Bxf4 Na6 16.Qd2
Bf5 17.Bxh6 Bxh6 18.Qxh6 Ng4 19.Qf4 Rf8 20.h3 Qd7 21.hxg4 Bxg4 22.Qg3 Kf7 23.f3
Bf5 24.Kf2 Nc5 25.Rad1 Nd3 26.Rxd3 Bxd3 27.Qf4 Kg8 28.Qg5 Qg7 29.Qxg7 Kxg7 30.
Rg1 Kf6 31.b3 a6 32.Rd1 Bc2 33.Rd2 Bf5 34.Ne4 Bxe4 35.fxe4 Ke5 36.Ke3 b6 37.Bh3
Rh8 38.Be6 Rh4 39.Bf5 Rhh8 40.Be6 a5 41.Rg2 Rh1 42.Rg5 Kd6 43.Rf5 Ke7 44.Rf7
Kd6 45.Rd7 Ke5 46.Rxc7 Re1 47.Kd3 Rxe4 48.Bc8 Rh4 49.Rc6 Rh8 50.Re6 Kf4 51.Re4
Kg5 52.Bb7 Ra7 53.Bc6 Rh1 54.Re6 Kf5 55.Kc3 Rh3 56.Kb2 Rh2 57.Ka3 Rg7 58.Ka4
Rxa2 59.Kb5 Rg3 60.Kxb6 Rxb3 61.Kc7 Rc2 62.d6 Kxe6 63.Bd5 Ke5 64.d7 Rd3 65.d8=Q
Rxc4 66.Bxc4 Rxd8 67.Kxd8 1/2-1/2

[Event "TIPC 2011"]
[Site "Roux, BEL"]
[Date "2011.08.05"]
[Round "8.12"]
[White "Van Mechelen, Jan"]
[Black "Marlier, Gaetan"]
[Result "1-0"]
[BlackElo "1954"]
[WhiteElo "2242"]

1.Nf3 Nf6 2.g3 g6 3.b4 Bg7 4.Bg2 O-O 5.Bb2 d6 6.O-O e5 7.d3 Nc6 8.b5 Ne7 9.c4
c6 10.bxc6 bxc6 11.c5 d5 12.Bxe5 Qa5 13.Qc2 Bf5 14.Nbd2 Nd7 15.Bxg7 Kxg7 16.Nb3
Qa6 17.Qc3 Kg8 18.Nfd4 Rab8 19.e4 Be6 20.f4 dxe4 21.Nxe6 fxe6 22.dxe4 Nf6 23.
Bh3 Kf7 24.Qe5 Rbe8 25.Bxe6 Kg7 26.Rad1 Qe2 27.Rfe1 Qh5 28.Qxh5 Nxh5 29.Nd4 Nf6
30.e5 Nfd5 31.Bxd5 1-0

[Event "TIPC 2011"]
[Site "Roux, BEL"]
[Date "2011.08.05"]
[Round "8.13"]
[White "Timmermans, Daniel"]
[Black "De Villers, Mourad"]
[Result "0-1"]
[BlackElo "2121"]
[WhiteElo "1943"]

1.d4 Nf6 2.c4 g6 3.Nc3 Bg7 4.e4 d6 5.f4 O-O 6.Nf3 c5 7.d5 e6 8.Be2 exd5 9.cxd5
Bg4 10.O-O Nbd7 11.Re1 Re8 12.h3 Bxf3 13.Bxf3 Qa5 14.Be3 b5 15.a3 Nb6 16.e5 Nc4
17.exf6 Nxe3 18.Rxe3 Rxe3 19.fxg7 Rae8 20.f5 b4 21.axb4 Qxb4 22.Qd2 Qf4 23.Rf1
Qxf5 24.Be4 Qg5 25.h4 Qg3 26.Ne2 Rxe2 27.Qxe2 f5 28.Qf3 Qxh4 29.Bb1 Kxg7 30.Qc3
Kg8 31.Qd3 Qg4 32.Qf3 Qd4 33.Qf2 Qb4 34.Ba2 Re5 35.Rc1 Re4 36.Kh1 Kg7 37.Qc2
Qd4 38.Qc3 Rh4 39.Qh3 Rxh3 40.gxh3 Qe4 0-1

[Event "TIPC 2011"]
[Site "Roux, BEL"]
[Date "2011.08.05"]
[Round "8.15"]
[White "Burel, Iwan"]
[Black "Di Cosmo, Jonathan"]
[Result "0-1"]
[BlackElo "2073"]
[WhiteElo "1841"]

1.e4 c5 2.Nc3 a6 3.d3 e6 4.g3 b5 5.Bg2 Bb7 6.f4 d5 7.e5 Nc6 8.Nf3 Be7 9.O-O h5
10.d4 Nh6 11.Ne2 Nf5 12.c3 Qb6 13.Bh3 g6 14.Bxf5 gxf5 15.Be3 h4 16.dxc5 Bxc5
17.Bxc5 Qxc5 18.Ned4 hxg3 19.hxg3 a5 20.Kg2 b4 21.Rc1 Qb6 22.Qa4 Ke7 23.cxb4
Nxd4 24.bxa5 Qxb2 0-1

[Event "TIPC 2011"]
[Site "Roux, BEL"]
[Date "2011.08.05"]
[Round "8.16"]
[White "Onbelet, Steve"]
[Black "Baguet, Frederic"]
[Result "1/2-1/2"]
[BlackElo "2010"]
[WhiteElo "1718"]

1.d4 Nf6 2.c4 c5 3.e3 g6 4.Nc3 cxd4 5.exd4 d6 6.Nf3 Bg7 7.Be2 O-O 8.O-O Nbd7 9.
b3 a6 10.Bb2 Re8 11.Qd2 Nf8 12.Rad1 Qa5 13.Nd5 Qxd2 14.Nxf6 Bxf6 15.Rxd2 Ne6
16.d5 Bxb2 17.Rxb2 Nf4 18.Ng5 h6 19.Ne4 Bf5 20.Ng3 Nxe2 21.Nxe2 Bd3 22.Rd1 Bxe2
23.Rxe2 Rac8 24.a4 Kf8 25.Rd4 b5 26.axb5 axb5 27.h4 bxc4 28.bxc4 Rc5 29.g4 Rec8
30.Ree4 R8c7 31.Kg2 Kg7 32.Kg3 Ra5 1/2-1/2

[Event "TIPC 2011"]
[Site "Roux, BEL"]
[Date "2011.08.05"]
[Round "8.17"]
[White "Bikady, Claude"]
[Black "Willen, Ronny"]
[Result "0-1"]
[BlackElo "1842"]
[WhiteElo "1995"]

1.e4 c5 2.Nf3 d6 3.d4 cxd4 4.Nxd4 Nf6 5.Nc3 g6 6.Be3 Bg7 7.f3 O-O 8.Bc4 Nc6 9.
Qd2 Bd7 10.O-O-O Ne5 11.Bb3 Qa5 12.h4 Rfc8 13.g4 Nc4 14.Bxc4 Rxc4 15.h5 Rac8
16.hxg6 Rxc3 17.gxf7 Kxf7 18.bxc3 Qxa2 19.Nb3 Be6 20.g5 Nxe4 21.fxe4 Bxb3 22.
Qf2 Ke8 23.Bd4 Bxd4 24.Rxd4 Qa1 25.Kd2 Qxc3 26.Ke2 Bc4 0-1

[Event "TIPC 2011"]
[Site "Roux, BEL"]
[Date "2011.08.05"]
[Round "8.18"]
[White "Mabille, Natacha"]
[Black "Vanhee, Freddy"]
[Result "1-0"]
[BlackElo "1984"]
[WhiteElo "1828"]

1.e4 c5 2.c3 a6 3.d4 cxd4 4.cxd4 d5 5.exd5 Nf6 6.Nc3 Nxd5 7.g3 e6 8.Bg2 Nc6 9.
Nge2 Bb4 10.O-O O-O 11.Qb3 Na5 12.Qd1 b5 13.Nxd5 exd5 14.Nf4 Bb7 15.Bd2 Bxd2
16.Qxd2 Nc4 17.Qc1 Qd6 18.b3 Na3 19.Qd2 Rac8 20.Rac1 b4 21.Nd3 a5 22.Nc5 Bc6
23.Bh3 Rce8 24.Rfe1 Nb5 25.Bf1 Nc3 26.Bg2 Bb5 27.Bf1 Bxf1 28.Kxf1 f5 29.Rxe8
Rxe8 30.Re1 Ne4 31.Qd3 Rc8 32.Qb5 Nxc5 33.dxc5 Qxc5 34.Re8 Kf7 35.Qd7 1-0

[Event "TIPC 2011"]
[Site "Roux, BEL"]
[Date "2011.08.05"]
[Round "8.19"]
[White "Watelet, Sylvain"]
[Black "Van Vlaenderen, Koen"]
[Result "0-1"]
[BlackElo "2031"]
[WhiteElo "1890"]

1.e4 d6 2.d4 Nf6 3.Bd3 e5 4.c3 Be7 5.Nf3 Nbd7 6.O-O h6 7.Nbd2 c6 8.Re1 g5 9.h3
Qc7 10.Nf1 Nf8 11.Ng3 g4 12.hxg4 Bxg4 13.dxe5 dxe5 14.Bc4 Ne6 15.Nf5 Rd8 16.Qb3
Nc5 17.Qc2 b5 18.Bf1 Bxf3 19.gxf3 Ne6 20.Bxh6 Nh5 21.Rad1 Nhf4 22.Bg2 Rg8 23.
Bxf4 Nxf4 24.Ne3 Bc5 25.Ng4 Qe7 26.Rxd8 Kxd8 27.Rd1 Kc7 28.Qd2 Qh4 29.b4 Qg3
30.Qd7 Kb8 31.Kf1 Qxg2 32.Ke1 Bxf2 33.Nxf2 Qg1 34.Kd2 Qxf2 35.Kc1 Qe3 36.Kc2
Qb6 37.Qf5 Rc8 38.Qxe5 Qc7 39.Qf5 Ne6 40.Qf6 Qh2 41.Rd2 Qf4 42.Qxf4 Nxf4 43.Rd6
Rc7 44.Rf6 Ne6 45.f4 Kc8 46.f5 Nd8 47.Kd3 Rd7 48.Ke3 Rd1 49.Ke2 Ra1 50.a3 Rxa3
51.e5 Kd7 52.Rd6 Ke7 53.Kd2 Ra2 54.Ke3 Ra1 55.Ke2 a5 56.bxa5 Rxa5 57.f6 Ke8 58.
e6 Nxe6 59.Rxc6 Kd7 0-1

[Event "TIPC 2011"]
[Site "Roux, BEL"]
[Date "2011.08.05"]
[Round "8.20"]
[White "Morozova, Julia"]
[Black "Wautelet, Patrick"]
[Result "1-0"]
[BlackElo "1873"]
[WhiteElo "2109"]

1.d4 Nf6 2.c4 g6 3.Nc3 d5 4.e3 Bg7 5.Nf3 O-O 6.Be2 e6 7.O-O c6 8.b3 b6 9.Bb2
Ba6 10.Qc2 Nbd7 11.Rad1 Qc7 12.Ne5 Rfd8 13.f4 c5 14.Rfe1 cxd4 15.exd4 Rac8 16.
cxd5 Bxe2 17.Qxe2 Nxd5 18.Nxd5 exd5 19.Nxf7 Kxf7 20.Qe6 Kf8 21.Ba3 Nc5 22.dxc5
bxc5 23.f5 Rd6 24.Qe2 Kg8 25.fxg6 Rxg6 26.Rxd5 Bd4 27.Kh1 Rf8 28.Rxd4 cxd4 29.
Bxf8 Kxf8 30.Qe8 Kg7 31.Re7 1-0

[Event "TIPC 2011"]
[Site "Roux, BEL"]
[Date "2011.08.05"]
[Round "8.21"]
[White "Minet, Julien"]
[Black "Marchal, Patrice"]
[Result "1/2-1/2"]
[BlackElo "1860"]
[WhiteElo "2012"]

1.e4 e5 2.Nf3 Nc6 3.Bc4 Nf6 4.Nc3 Be7 5.O-O d6 6.d4 Bg4 7.dxe5 Nxe5 8.Be2 Bxf3
9.Bxf3 Nxf3 10.Qxf3 Qc8 11.h3 O-O 12.Bf4 Nd7 13.Rad1 Ne5 14.Qg3 Ng6 15.Bc1 c6
16.Ne2 Qe6 17.Nc3 Rad8 18.Qe3 a6 19.f4 Qc8 20.Qf3 f5 21.Rfe1 1/2-1/2

[Event "TIPC 2011"]
[Site "Roux, BEL"]
[Date "2011.08.05"]
[Round "8.22"]
[White "Leghbali, Sophiane"]
[Black "Real, Thibault"]
[Result "0-1"]
[BlackElo "2000"]
[WhiteElo "1908"]

1.e4 c5 2.Nf3 d6 3.d4 cxd4 4.Nxd4 Nf6 5.Nc3 g6 6.Be3 Bg7 7.f3 O-O 8.Qd2 Nc6 9.
Bc4 Bd7 10.O-O-O Rb8 11.h4 Na5 12.Bb3 b5 13.Rdg1 Nc4 14.Bxc4 bxc4 15.g4 Qb6 16.
Nd1 Rfc8 17.c3 Qa5 18.Kb1 Ba4 19.h5 Rb6 20.hxg6 fxg6 21.Ne6 Ra6 22.a3 Rb8 23.
Ka1 Bxd1 24.Rxd1 Nxe4 25.Qc1 Bxc3 26.Rh2 Qxa3 27.Kb1 Qa2 28.Kc2 Rxb2 0-1

[Event "TIPC 2011"]
[Site "Roux, BEL"]
[Date "2011.08.05"]
[Round "8.23"]
[White "Gorts, Sven"]
[Black "Geboers, Jimmy"]
[Result "1-0"]
[BlackElo "1968"]
[WhiteElo "1902"]

1.e4 e6 2.d4 d5 3.Nc3 Nf6 4.e5 Nfd7 5.Nce2 c5 6.c3 Nc6 7.f4 cxd4 8.cxd4 Be7 9.
Nf3 O-O 10.g3 Qb6 11.Bh3 a5 12.O-O Qa7 13.Kh1 Nb6 14.Nc3 a4 15.g4 f6 16.a3 g6
17.f5 exf5 18.gxf5 gxf5 19.Bh6 Rf7 20.Nb5 Qb8 21.Rg1 Kh8 22.Qe2 Be6 23.exf6 1-0

[Event "TIPC 2011"]
[Site "Roux, BEL"]
[Date "2011.08.05"]
[Round "8.24"]
[White "Vivone, Santino"]
[Black "Cesar, Andre"]
[Result "1/2-1/2"]
[BlackElo "1851"]
[WhiteElo "1966"]

1.e4 c6 2.d4 d5 3.e5 c5 4.c3 Nc6 5.f4 cxd4 6.cxd4 Bf5 7.Nc3 e6 8.Nf3 Qb6 9.a3
Bg4 10.Bb5 Nge7 11.O-O Nf5 12.Qd3 Bxf3 13.gxf3 Qxd4 14.Kg2 Qxd3 15.Bxd3 Ncd4
16.Nb5 Kd7 17.Nxd4 Nxd4 18.Be3 Nc6 19.Rac1 a6 20.Bb6 Rc8 21.Rc2 Be7 22.Rfc1 Bd8
23.Bf2 Be7 1/2-1/2

[Event "TIPC 2011"]
[Site "Roux, BEL"]
[Date "2011.08.05"]
[Round "8.25"]
[White "Gregorio Caballero, Santiago"]
[Black "Dessomme, Francois"]
[Result "0-1"]
[BlackElo "1962"]
[WhiteElo "1870"]

1.e4 d6 2.d4 Nf6 3.Nc3 g6 4.f3 Bg7 5.Be3 Nbd7 6.Qd2 c6 7.g4 b5 8.Nge2 b4 9.Nd1
Rb8 10.Ng3 e5 11.c3 a5 12.h4 exd4 13.cxd4 c5 14.g5 Nh5 15.Nxh5 gxh5 16.Nf2 cxd4
17.Bxd4 Ne5 18.Be2 O-O 19.O-O Be6 20.b3 f5 21.Qb2 Qe7 22.Rad1 fxe4 23.Nxe4 Rf4
24.Rf2 Rbf8 25.Nf6 Bxf6 26.gxf6 Qxf6 27.Rg2 Kf7 28.Qc2 Rxd4 29.Qxh7 Ke8 30.Bb5
Kd8 31.Rxd4 Nxf3 32.Kh1 Qxd4 0-1

[Event "TIPC 2011"]
[Site "Roux, BEL"]
[Date "2011.08.06"]
[Round "9.1"]
[White "Cools, Gorik"]
[Black "Vandevoort, Pascal"]
[Result "1-0"]
[BlackElo "2409"]
[WhiteElo "2230"]

1.e4 c5 2.Nf3 e6 3.d4 cxd4 4.Nxd4 Nf6 5.Nc3 Nc6 6.Ndb5 d6 7.Bf4 e5 8.Bg5 a6 9.
Na3 b5 10.Bxf6 gxf6 11.Nd5 Bg7 12.c3 Ne7 13.Nc2 f5 14.Nxe7 Qxe7 15.exf5 d5 16.
Bd3 Bb7 17.O-O h5 18.a4 e4 19.Re1 Be5 20.axb5 a5 21.Bf1 Qd6 22.g3 h4 23.Bg2
hxg3 24.hxg3 O-O-O 25.Re3 Qb6 26.Nd4 Bc7 27.Qa4 Rh6 28.b4 axb4 29.Qxb4 Bd6 30.
Qa5 Qxa5 31.Rxa5 Bc7 32.Ra1 Bb6 33.Rd1 Kb8 34.f3 Rg8 35.Kf2 Rf6 36.fxe4 dxe4
37.Bxe4 Bxe4 38.Rxe4 Rxf5 39.Rf4 Rxb5 40.Rxf7 Rc5 41.Rf3 Rgc8 42.Rb1 Ka7 43.Kg2
Ra5 44.Rf7 Ka6 45.Rf6 Rb8 46.Nc6 Ra2 47.Kf1 Rh8 48.Rxb6 Kb7 1-0

[Event "TIPC 2011"]
[Site "Roux, BEL"]
[Date "2011.08.06"]
[Round "9.3"]
[White "Le Quang, Kim"]
[Black "Henris, Luc"]
[Result "1-0"]
[BlackElo "2189"]
[WhiteElo "2319"]

1.e4 e5 2.Nf3 d6 3.Bc4 Nf6 4.d3 Be7 5.O-O c6 6.Nbd2 b5 7.Bb3 O-O 8.c3 Nbd7 9.d4
c5 10.Re1 Bb7 11.d5 Ne8 12.Nf1 f5 13.exf5 Rxf5 14.Qd3 Rf8 15.Qxb5 Nb6 16.Qe2
Kh8 17.c4 Ba6 18.Qc2 Nc7 19.a4 Bc8 20.Ng3 Bg4 21.Nd2 Bg5 22.f3 Bc8 23.a5 Nd7
24.Nde4 Bxc1 25.Qxc1 Rb8 26.Bc2 Nf6 27.Nc3 Rb4 28.b3 Rb7 29.Qg5 Na6 30.Qh4 Nb4
31.Bb1 Kg8 32.Nce4 Nxe4 33.Qxe4 g6 34.Qe3 Qh4 35.Ne4 Qe7 36.Ng5 Bf5 37.Ne4 Qd8
38.Qg5 Qxg5 39.Nxg5 Nc2 40.Bxc2 Bxc2 41.Rec1 Bxb3 42.Ne4 Rd8 43.Rab1 Rb4 44.Rb2
Rxc4 45.Rxc4 Bxc4 46.Rb7 Rf8 47.Rxa7 Bxd5 48.Nxd6 Ra8 49.Rxa8 Bxa8 50.a6 Kf8
51.a7 Ke7 52.Nc8 Ke6 53.Nb6 Bb7 54.a8=Q Bxa8 55.Nxa8 e4 56.fxe4 Ke5 57.Nb6 Kxe4
58.Kf2 h5 59.Ke2 h4 60.Nc4 g5 61.Ne3 Kf4 62.Kf2 g4 63.g3 hxg3 64.hxg3 Ke4 65.
Nxg4 c4 66.Ne3 c3 67.Ke2 Kd4 68.Kf3 Ke5 69.g4 Ke6 70.Kf4 Kf7 71.Kf5 Kg7 72.Kg5
Kf7 73.Kh6 Kg8 74.Kg6 Kh8 75.Kf7 Kh7 76.g5 1-0

[Event "TIPC 2011"]
[Site "Roux, BEL"]
[Date "2011.08.06"]
[Round "9.4"]
[White "Maes, Wim"]
[Black "Ponnet, Hendrik"]
[Result "1/2-1/2"]
[BlackElo "2159"]
[WhiteElo "2245"]

1.g3 d6 2.Bg2 e5 3.d3 f5 4.e4 c6 5.f4 Nf6 6.Qe2 fxe4 7.dxe4 Bg4 8.Nf3 d5 9.Nbd2
exf4 10.exd5 Be7 11.d6 Qxd6 12.Nc4 Qe6 13.Bxf4 Qxe2 14.Kxe2 Nbd7 15.Ne3 O-O-O
16.Nxg4 Nxg4 17.Rhe1 Bf6 18.c3 Nge5 19.Rad1 Nxf3 20.Bxf3 Ne5 21.Be4 g6 22.Bc2
Rhe8 23.Rxd8 Bxd8 24.Kf1 Bc7 25.Kg2 Rd8 26.Bg5 Re8 27.Re2 Kd7 28.Bb3 Bd6 29.Bd1
Re6 30.Rf2 Re8 31.b3 Rf8 32.Rd2 Kc7 33.Be3 b6 34.Bd4 Rf7 35.Be2 Re7 36.a4 c5
37.Bf2 Nc6 38.Bd1 Be5 39.Rd3 Rd7 40.Rxd7 Kxd7 41.Be1 Ne7 42.Kf3 Nd5 43.c4 Bc3
44.Bf2 Ne7 45.Ke4 Nc6 46.Be3 Bf6 47.Bf4 Nd4 48.Kd5 a5 49.Bg4 Kd8 50.h4 Bg7 51.
Be6 Ne2 52.Bd6 Nd4 53.Bg8 h6 54.Bf4 Ne2 55.Bd2 Kd7 56.Be6 Ke7 57.Bg4 Nd4 58.Bf4
Kd8 59.Be6 Ne2 60.Bb8 Bf6 61.Bf7 Kd7 62.Be6 Kd8 63.Bg4 Nd4 64.Bf4 Bg7 65.Bd1
Kd7 66.Bd6 Bf6 67.Bb8 Bg7 68.Bf4 h5 69.g4 hxg4 70.Bxg4 Kd8 71.Bd1 Kd7 72.Ke4
Bf6 73.Bg3 Kc6 74.Bf2 Kd6 75.Bg3 Kc6 76.Bf2 Kd6 77.Kf4 Ne6 78.Kg4 Nd4 79.Bxd4
cxd4 80.Bc2 Kc5 81.Bxg6 Kb4 82.Bc2 d3 83.Bxd3 Kxb3 84.Kf5 Bxh4 85.Ke6 Kxa4 86.
Kd5 Bf2 87.c5 Bxc5 88.Kc4 Bb4 89.Bc2 Ka3 90.Kb5 Bc5 91.Bd1 Bd4 92.Bc2 Kb2 93.
Bd1 Kc3 1/2-1/2

[Event "TIPC 2011"]
[Site "Roux, BEL"]
[Date "2011.08.06"]
[Round "9.5"]
[White "Sclacmender, Julien"]
[Black "Van Uytven, Eric"]
[Result "0-1"]
[BlackElo "2158"]
[WhiteElo "2221"]

1.e4 e5 2.Nf3 Nc6 3.d4 exd4 4.Nxd4 Nf6 5.Nxc6 bxc6 6.e5 Qe7 7.Qe2 Nd5 8.c4 Nb6
9.Nc3 Qe6 10.Bd2 g6 11.f4 Bg7 12.O-O-O O-O 13.Ne4 d5 14.exd6 Re8 15.Nc3 cxd6
16.Qxe6 Bxe6 17.b3 Bg4 18.Re1 Rxe1 19.Bxe1 d5 20.h3 Be6 21.c5 Nd7 22.Na4 Bd4
23.b4 a5 24.bxa5 Nxc5 25.Nxc5 Bxc5 26.g4 Be3 27.Kc2 Bxf4 28.Bd3 Bc7 29.a6 Bc8
30.Bc3 Bxa6 31.Re1 Bxd3 32.Kxd3 Ba5 33.Bxa5 Rxa5 34.Ra1 c5 35.a4 f6 36.Kc3 Kf7
37.Kb3 h5 38.gxh5 gxh5 39.h4 f5 40.Rg1 Kf6 41.Rg5 Ke5 42.Rxh5 Ra8 43.Rh7 Kd4
44.Rf7 Rb8 45.Ka3 Rh8 46.Rxf5 Rxh4 47.a5 Kc4 48.Rf6 Rh3 49.Kb2 Kb4 50.a6 Rb3
51.Kc2 Ra3 52.Kb2 Ra5 53.Rb6 Kc4 54.Kc2 d4 55.Kd2 Ra2 56.Kd1 Kc3 0-1

[Event "TIPC 2011"]
[Site "Roux, BEL"]
[Date "2011.08.06"]
[Round "9.6"]
[White "Noiroux, Kevin"]
[Black "Schuermans, Robert"]
[Result "1/2-1/2"]
[BlackElo "2143"]
[WhiteElo "2199"]

1.d4 d5 2.Nf3 Nc6 3.c4 Bg4 4.Nc3 Nf6 5.Bf4 e6 6.e3 Bb4 7.Qa4 Bxf3 8.gxf3 O-O 9.
a3 Bxc3 10.bxc3 dxc4 11.Rg1 Kh8 12.Bg5 Qd6 13.Bxf6 gxf6 14.Rg3 f5 15.f4 a6 16.
Qxc4 b5 17.Qa2 Ne7 18.c4 c5 19.Rd1 f6 20.dxc5 Qxc5 21.Rd7 Rad8 22.Rxd8 Rxd8 23.
Qb2 Ng8 24.Be2 Qc6 25.cxb5 Qh1 26.Bf1 Qd5 27.Qd4 Qa8 28.Qb6 Qd5 29.Qd4 Qa8 30.
Qb6 Qd5 31.Qd4 1/2-1/2

[Event "TIPC 2011"]
[Site "Roux, BEL"]
[Date "2011.08.06"]
[Round "9.7"]
[White "Barbier, Wim"]
[Black "Van Mechelen, Jan"]
[Result "0-1"]
[BlackElo "2242"]
[WhiteElo "2147"]

1.c4 g6 2.g3 Bg7 3.Bg2 e5 4.Nc3 d6 5.e4 h5 6.h4 Bg4 7.f3 Be6 8.d3 c6 9.Nge2 Qb6
10.b4 Nf6 11.Qb3 a6 12.Bg5 Nbd7 13.a4 Nc5 14.Qc2 Qxb4 15.Rb1 Qa5 16.O-O Nfd7
17.Bd2 Qc7 18.f4 Bg4 19.f5 gxf5 20.exf5 Bh6 21.Rf2 O-O-O 22.Nc1 Bxd2 23.Qxd2
Rdg8 24.Qe3 Rg7 25.f6 Rg6 26.Ne4 Nxe4 27.Bxe4 Rxf6 28.Rfb2 Nc5 29.Rxb7 Nxb7 30.
Qa7 Nc5 31.Qa8 Kd7 32.Qxh8 Nxe4 33.c5 Rf1 34.Kg2 Nd2 35.Nb3 Bf3 36.Kh2 Nxb1 0-1

[Event "TIPC 2011"]
[Site "Roux, BEL"]
[Date "2011.08.06"]
[Round "9.9"]
[White "Willen, Ronny"]
[Black "De Villers, Mourad"]
[Result "0-1"]
[BlackElo "2121"]
[WhiteElo "1842"]

1.d4 Nf6 2.c4 g6 3.Nc3 Bg7 4.e4 d6 5.Be2 O-O 6.Bg5 c5 7.d5 Re8 8.Qd2 a6 9.a4
Qa5 10.Nf3 Bg4 11.O-O Nbd7 12.Qc2 e6 13.Bd2 exd5 14.cxd5 Qc7 15.h3 Bxf3 16.Bxf3
b6 17.Be2 c4 18.Be3 Rac8 19.Ra3 Nc5 20.f3 Ncd7 21.Rd1 Nh5 22.g4 Ng3 23.Kg2 Nxe2
24.Nxe2 Ne5 25.Rc1 Qd8 26.Bd4 b5 27.axb5 axb5 28.Ra7 Nd3 29.Rb1 Bxd4 30.Nxd4
Qb6 31.Rba1 0-1

[Event "TIPC 2011"]
[Site "Roux, BEL"]
[Date "2011.08.06"]
[Round "9.13"]
[White "Dessomme, Francois"]
[Black "Verspecht, Thierry"]
[Result "1-0"]
[BlackElo "2077"]
[WhiteElo "1962"]

1.d4 Nf6 2.Nf3 e6 3.Nbd2 d5 4.e3 b6 5.Bd3 Bb7 6.O-O Nbd7 7.b3 Bd6 8.Bb2 Qe7 9.
Ne5 Ba3 10.Bxa3 Qxa3 11.Nxd7 Nxd7 12.e4 Nf6 13.e5 Nd7 14.f4 g6 15.Qe2 Qe7 16.a4
a5 17.c3 h5 18.Nf3 c5 19.Bb5 O-O 20.Bd3 Rfc8 21.Qe1 Ba6 22.Bxa6 Rxa6 23.Ng5 Kg7
24.Rf3 cxd4 25.cxd4 Ra7 26.Rc1 Rac7 27.Rxc7 Rxc7 28.h3 Qa3 29.Qe3 Nb8 30.Rf1
Qb2 31.f5 exf5 32.e6 Re7 33.Nxf7 1-0

[Event "TIPC 2011"]
[Site "Roux, BEL"]
[Date "2011.08.06"]
[Round "9.14"]
[White "Werner, Ivan"]
[Black "Atanasiu, Nicolae"]
[Result "1-0"]
[BlackElo "2007"]
[WhiteElo "2068"]

1.e4 b6 2.d4 Bb7 3.Bd3 Nf6 4.Nd2 Nc6 5.Ngf3 Nb4 6.O-O e6 7.Re1 Nxd3 8.cxd3 Be7
9.Nf1 O-O 10.Ng3 d6 11.Bd2 Qd7 12.a4 a5 13.Qb3 Rfb8 14.Bc3 Ba6 15.h3 Bxd3 16.d5
Ba6 17.dxe6 Qxe6 18.Qc2 Qc4 19.b3 Qc5 20.Qb2 b5 21.Nf5 Bd8 22.Bd4 Qc6 23.Bxf6
gxf6 24.Qd2 Qe8 25.N3d4 bxa4 26.Re3 Kh8 27.Rg3 Qf8 28.Qh6 1-0

[Event "TIPC 2011"]
[Site "Roux, BEL"]
[Date "2011.08.06"]
[Round "9.15"]
[White "Winants, Henri"]
[Black "Ackaert, Thierry"]
[Result "0-1"]
[BlackElo "2061"]
[WhiteElo "1946"]

1.d4 Nf6 2.c4 e5 3.dxe5 Ng4 4.Bf4 g5 5.Bg3 Bg7 6.Nf3 Nc6 7.Nc3 Ngxe5 8.Nxe5
Nxe5 9.e4 d6 10.Be2 Be6 11.Rc1 c6 12.b3 Qe7 13.f3 Rd8 14.h4 h6 15.Bf2 O-O 16.
hxg5 hxg5 17.Bxa7 b5 18.Bd4 b4 19.Na4 f5 20.exf5 Bxf5 21.O-O c5 22.Bf2 Nc6 23.
Bd3 Nd4 24.Re1 Qf7 25.Nb6 Be5 26.Nd5 Qh7 27.g3 Bxd3 28.Rxe5 Nxf3 29.Qxf3 Rxf3
30.Rxg5 Kf8 31.Re1 Re8 0-1

[Event "TIPC 2011"]
[Site "Roux, BEL"]
[Date "2011.08.06"]
[Round "9.17"]
[White "Van Vlaenderen, Koen"]
[Black "Onbelet, Steve"]
[Result "1-0"]
[BlackElo "1718"]
[WhiteElo "2031"]

1.e4 c5 2.Nf3 Nc6 3.d4 cxd4 4.Nxd4 g6 5.Nc3 Bg7 6.Be3 d6 7.Be2 Nf6 8.O-O O-O 9.
f4 a6 10.Kh1 Bd7 11.Bf3 Qc7 12.Nb3 Rac8 13.Qd2 b5 14.Nd5 Nxd5 15.exd5 Nd8 16.c3
Nb7 17.Rad1 Na5 18.Nxa5 Qxa5 19.a3 Qc7 20.Rfe1 f5 21.Bf2 Bf6 22.Bd4 Rce8 23.Re2
Bxd4 24.Qxd4 Bc8 25.Rde1 Rf7 26.h4 h5 27.Re3 Kh7 28.Qd1 Rf6 29.Bxh5 e6 30.Bf3
Qc4 31.Qd4 Qxd4 32.cxd4 Re7 33.b4 Kg7 34.dxe6 Rfxe6 35.Rxe6 Rxe6 36.Rxe6 Bxe6
37.Bb7 Bd7 38.Kh2 Kf6 39.Kg3 Ke6 40.h5 gxh5 41.Kh4 Kf6 42.Kxh5 Be8 43.Kh4 Bd7
44.d5 Kg6 45.Bxa6 Kf6 46.Bb7 Be8 47.Kg3 Ke7 48.Kf2 Kd8 49.Bc6 Bxc6 50.dxc6 Kc7
51.Ke3 Kb6 52.Kd3 Kc7 53.Kc3 Kb6 54.a4 Kxc6 55.axb5 Kxb5 56.Kd4 Kc6 57.b5 Kxb5
58.Kd5 1-0

[Event "TIPC 2011"]
[Site "Roux, BEL"]
[Date "2011.08.06"]
[Round "9.19"]
[White "Baguet, Frederic"]
[Black "Gorts, Sven"]
[Result "1/2-1/2"]
[BlackElo "1902"]
[WhiteElo "2010"]

1.d4 d6 2.e4 Nd7 3.c4 e5 4.d5 Nc5 5.Nc3 f5 6.exf5 Bxf5 7.Nf3 a5 8.Be2 Be7 9.O-O
Nf6 10.Be3 b6 11.a3 O-O 12.b4 axb4 13.axb4 Nce4 14.Nxe4 Nxe4 15.Qb3 Bg4 16.Qc2
Nf6 17.Ng5 Bd7 18.Bd3 h6 19.Ne4 c5 1/2-1/2

[Event "TIPC 2011"]
[Site "Roux, BEL"]
[Date "2011.08.06"]
[Round "9.20"]
[White "Remy, Joel"]
[Black "Micottis, Dorian"]
[Result "0-1"]
[BlackElo "1843"]
[WhiteElo "2089"]

1.d4 Nf6 2.Nf3 g6 3.Nc3 d5 4.g3 Bg7 5.Bg2 O-O 6.Bf4 c5 7.O-O Bg4 8.dxc5 Nc6 9.
Ne5 Be6 10.Nxc6 bxc6 11.Be5 Bf5 12.b3 Qa5 13.Na4 Rfd8 14.c3 Nd7 15.Bxg7 Kxg7
16.h3 h5 17.b4 Qc7 18.Nb2 Rab8 19.Qd2 Nf6 20.Nd1 Ne4 21.Qe1 Qe5 22.f4 Qf6 23.
Bxe4 dxe4 24.Kh2 Rxb4 25.Ne3 Rb5 26.c4 Rb2 27.g4 hxg4 28.hxg4 Bc8 29.Qf2 Rh8
30.Kg2 Qh4 31.Qxh4 Rxh4 32.Rf2 Bxg4 33.f5 Bxf5 34.Rxf5 Rxe2 0-1